| 000 | 00803nam a2200217Ia 4500 | ||
|---|---|---|---|
| 003 | IN-BaIIA | ||
| 008 | 211028s9999 xx 000 0 eng d | ||
| 020 | _a0-7923-4852-4 | ||
| 040 | _cIIA Library | ||
| 080 |
_a52(082.1) _bASS-225 |
||
| 245 | 0 |
_aSCORE ' 96 _bsolar convection and the oscillations and their relationship _cedited by F. P. Pijpers, Christensen-Dalsgaard, J and Rosenthal, C. S |
|
| 260 |
_aDordrecht _bKluwer Academic _c1997 |
||
| 300 | _avii, 315p. | ||
| 490 | _aAstrophysics and space science library; v. 225 | ||
| 650 |
_aConvection _921799 |
||
| 650 |
_aSolar - oscillations _97338 |
||
| 700 |
_aChristensen-Dalsgaard, J., ed. _921800 |
||
| 700 |
_aPijpers, F. P., ed. _921801 |
||
| 700 |
_aRosenthal, C. S., ed. _921802 |
||
| 942 | _cBK | ||
| 999 |
_c12452 _d12452 |
||